[Event "Berlin Lichtenberger op 18th"]
[Site "Berlin"]
[Date "2019.08.18"]
[Round "2"]
[White "Matitschka, Johannes"]
[Black "Doraszelski, Alexander"]
[Result "1-0"]
[WhiteElo "1815"]
[BlackElo "1649"]
[PlyCount "69"]
[EventDate "2019.08.17"]
[EventType "swiss"]
[EventRounds "9"]
[EventCountry "GER"]
[SourceTitle "EXT 2020"]
[Source "ChessBase"]
[SourceDate "2019.10.17"]
[SourceVersion "1"]
[SourceVersionDate "2019.10.17"]
[SourceQuality "1"]

1. Nf3 d5 2. g3 c5 3. Bg2 Nc6 4. 0-0 Nf6 5. d3 e5 6. Nbd2 Be7 7. e4 0-0 8. exd5 Nxd5 9. Nc4 f6 10. h3 Be6 11. Ne3 Nc7 12. Kh2 Qd7 13. Qe2 Rad8 14. a4 a6 15. Bd2 f5 16. Bc3 Nd4 17. Bxd4 exd4 18. Ne5 Qe8 19. N3c4 Bd5 20. Rfe1 f4 21. Bxd5+ Nxd5 22. Qg4 fxg3+ 23. fxg3 b5 24. Na5 Rf2+ 25. Kg1 Ne3 26. Qe6+ Kf8 27. Kxf2 Rd6 28. Qb3 c4 29. dxc4 Rf6+ 30. Kg1 Bd6 31. Ng4 Qg6 32. Rxe3 dxe3 33. Qxe3 Rf5 34. Rf1 Bc5 35. Qxc5+ 1-0

[Event "Berlin Lichtenberger op 17th"]
[Site "Berlin"]
[Date "2018.08.19"]
[Round "2"]
[White "Morczynski, Joachim"]
[Black "Matitschka, Johannes"]
[Result "0-1"]
[WhiteElo "1583"]
[BlackElo "1774"]
[PlyCount "68"]
[EventDate "2018.08.18"]
[EventType "swiss"]
[EventRounds "9"]
[EventCountry "GER"]
[SourceTitle "CBM 186 Extra"]
[Source "ChessBase"]
[SourceDate "2018.08.24"]
[SourceVersion "1"]
[SourceVersionDate "2018.08.24"]
[SourceQuality "1"]

1. e4 c5 2. Nf3 Nc6 3. Bb5 g6 4. c3 a6 5. Ba4 b5 6. Bc2 d6 7. 0-0 Bg7 8. d4 Bg4 9. Be3 cxd4 10. Bxd4 Nxd4 11. cxd4 Bxf3 12. gxf3 Qb6 13. e5 dxe5 14. dxe5 Bxe5 15. Qd5 Qb8 16. Bb3 e6 17. Qc6+ Kf8 18. Qc2 Bxh2+ 19. Kg2 Nf6 20. Re1 Kg7 21. Nc3 Rc8 22. Qe2 Rc5 23. Qe3 Re5 24. Ne4 Nxe4 25. fxe4 Rh5 26. Rad1 Qe5 27. Rd7 Bf4 28. Qf3 Qf6 29. Rh1 Rxh1 30. Kxh1 Rc8 31. Qh3 Rc6 32. Kg2 Be5 33. Qg4 Rd6 34. Rxd6 Bxd6 0-1

[Event "Berlin Lichtenberger op 16th"]
[Site "Berlin"]
[Date "2017.08.27"]
[Round "9"]
[White "Timm, Christian"]
[Black "Matitschka, Johannes"]
[Result "0-1"]
[WhiteElo "1605"]
[BlackElo "1780"]
[PlyCount "52"]
[EventDate "2017.08.19"]
[EventType "swiss"]
[EventRounds "9"]
[EventCountry "GER"]
[SourceTitle "CBM 180 Extra"]
[Source "ChessBase"]
[SourceDate "2017.10.06"]
[SourceVersion "1"]
[SourceVersionDate "2017.10.06"]
[SourceQuality "1"]

1. e4 c5 2. c3 d6 3. d4 cxd4 4. cxd4 g6 5. Nc3 Bg7 6. Bc4 Nc6 7. Nf3 Nf6 8. Ng5 e6 9. d5 exd5 10. exd5 Ne5 11. Qe2 0-0 12. 0-0 Bg4 13. f3 Nxc4 14. fxg4 Qb6+ 15. Kh1 Rac8 16. b3 Rfe8 17. Qf3 Ne5 18. Qh3 Nexg4 19. Qg3 Nf2+ 20. Qxf2 Qxf2 21. Bb2 Qxb2 22. Nb5 Re2 23. Nf3 Nxd5 24. Nxd6 Rcc2 25. Nc4 Qxa1 26. Rxa1 Bxa1 0-1

[Event "Berlin Lichtenberger op 16th"]
[Site "Berlin"]
[Date "2017.08.19"]
[Round "1"]
[White "Kossueva, Fatima"]
[Black "Matitschka, Johannes"]
[Result "0-1"]
[WhiteElo "1410"]
[BlackElo "1780"]
[PlyCount "42"]
[EventDate "2017.08.19"]
[EventType "swiss"]
[EventRounds "9"]
[EventCountry "GER"]
[SourceTitle "CBM 180 Extra"]
[Source "ChessBase"]
[SourceDate "2017.10.06"]
[SourceVersion "1"]
[SourceVersionDate "2017.10.06"]
[SourceQuality "1"]

1. e4 c5 2. Nc3 Nc6 3. g3 d6 4. Bg2 Nf6 5. d3 g6 6. f4 Bg4 7. Nf3 Nd4 8. 0-0 Bg7 9. h3 Nxf3+ 10. Bxf3 Bxh3 11. Bg2 Qd7 12. Qe2 Bxg2 13. Qxg2 Ng4 14. Nd1 0-0-0 15. c3 h5 16. Nf2 h4 17. Nxg4 Qxg4 18. Qf3 Qxg3+ 19. Qxg3 hxg3 20. Kg2 Rh2+ 21. Kxg3 Rdh8 0-1

[Event "Berlin Lichtenberger op 14th"]
[Site "Berlin"]
[Date "2015.08.22"]
[Round "8"]
[White "Matitschka, Johannes"]
[Black "Baranowsky, Peter"]
[Result "1-0"]
[WhiteElo "1542"]
[BlackElo "1972"]
[PlyCount "139"]
[EventDate "2015.08.15"]
[EventType "swiss"]
[EventRounds "9"]
[EventCountry "GER"]
[SourceTitle "EXT 2016"]
[Source "ChessBase"]
[SourceDate "2015.10.08"]
[SourceVersion "1"]
[SourceVersionDate "2015.10.08"]
[SourceQuality "1"]

1. e4 c5 2. Nf3 Nc6 3. g3 d6 4. Bg2 g6 5. Nc3 Bg7 6. 0-0 Nf6 7. d3 0-0 8. Bg5 h6 9. Bf4 e5 10. Bd2 Kh7 11. h3 Be6 12. Kh2 Rb8 13. Nh4 Nd4 14. Ne2 Qd7 15. f4 Nxe2 16. Qxe2 exf4 17. gxf4 Qe7 18. Qf2 Nh5 19. c3 g5 20. fxg5 Be5+ 21. Kg1 hxg5 22. Nf5 Qf6 23. Qf3 Ng7 24. Nxg7 Kxg7 25. Qh5 Bf4 26. h4 Qg6 27. Qxg6+ fxg6 28. Bxf4 gxf4 29. Rf2 Kh6 30. Raf1 g5 31. hxg5+ Kxg5 32. Bf3 Rg8 33. Rg2+ Kf6 34. Rxg8 Rxg8+ 35. Kf2 Ke5 36. Rh1 Bxa2 37. Ra1 Bb3 38. Rxa7 Bc2 39. d4+ cxd4 40. Ra5+ Ke6 41. cxd4 Bd3 42. Rf5 Rc8 43. Rxf4 Rc2+ 44. Ke3 Ba6 45. Bg4+ Ke7 46. Rf2 Rc1 47. Be2 Bxe2 48. Kxe2 Rh1 49. Kd3 Rd1+ 50. Rd2 Re1 51. Rc2 Kd7 52. Rh2 Rd1+ 53. Kc4 Kc6 54. d5+ Kb6 55. Rh6 Rc1+ 56. Kb4 Kc7 57. Rh3 Re1 58. Rc3+ Kd8 59. Rc4 Re2 60. b3 Re3 61. Ka4 b5+ 62. Kxb5 Rxb3+ 63. Kc6 Ke7 64. Kc7 Re3 65. Rc6 Rxe4 66. Rxd6 Re5 67. Rd7+ Ke8 68. Kc8 Rh5 69. d6 Re5 70. Rc7 1-0

[Event "Berlin Lichtenberger op 14th"]
[Site "Berlin"]
[Date "2015.08.20"]
[Round "6"]
[White "Matitschka, Johannes"]
[Black "Rudolph, Stephanie"]
[Result "1-0"]
[WhiteElo "1542"]
[BlackElo "1910"]
[PlyCount "81"]
[EventDate "2015.08.15"]
[EventType "swiss"]
[EventRounds "9"]
[EventCountry "GER"]
[SourceTitle "EXT 2016"]
[Source "ChessBase"]
[SourceDate "2015.10.08"]
[SourceVersion "1"]
[SourceVersionDate "2015.10.08"]
[SourceQuality "1"]

1. e4 c5 2. Nf3 d6 3. g3 b6 4. Bg2 Bb7 5. d3 g6 6. 0-0 Bg7 7. Nc3 Nf6 8. Bg5 h6 9. Bf4 e5 10. Bd2 Qd7 11. Nh4 Nc6 12. f4 exf4 13. Bxf4 0-0 14. Bxh6 Bxh6 15. Rxf6 Bg5 16. Rf1 Bxh4 17. gxh4 Ne5 18. Rf4 Kg7 19. h5 g5 20. Rf5 f6 21. h4 g4 22. Qf1 Qd8 23. h6+ Kxh6 24. Qf4+ Kg6 25. h5+ Kg7 26. h6+ Kg6 27. h7 Bc8 28. Kf2 Bxf5 29. Qxf5+ Kg7 30. Rh1 Qe8 31. Nd5 Qg6 32. Qe6 f5 33. Qe7+ Rf7 34. Qh4 fxe4+ 35. Kg3 Rh8 36. Bxe4 Qf6 37. Nxf6 Rxf6 38. Qg5+ Kf7 39. Bd5+ Ke7 40. Qg7+ Nf7 41. Bxf7 1-0

[Event "Berlin Lichtenberger op 14th"]
[Site "Berlin"]
[Date "2015.08.17"]
[Round "3"]
[White "Rodmacq, Clement"]
[Black "Matitschka, Johannes"]
[Result "1-0"]
[WhiteElo "2039"]
[BlackElo "1542"]
[PlyCount "81"]
[EventDate "2015.08.15"]
[EventType "swiss"]
[EventRounds "9"]
[EventCountry "GER"]
[SourceTitle "EXT 2016"]
[Source "ChessBase"]
[SourceDate "2015.10.08"]
[SourceVersion "1"]
[SourceVersionDate "2015.10.08"]
[SourceQuality "1"]

1. e4 e5 2. f4 d6 3. Nf3 Nc6 4. Nc3 Bg4 5. Bb5 Nf6 6. 0-0 Be7 7. d3 0-0 8. Bxc6 bxc6 9. h3 Bc8 10. f5 Bb7 11. g4 d5 12. g5 Ne8 13. Kh2 dxe4 14. Nxe4 Nd6 15. f6 gxf6 16. gxf6 Bxf6 17. Nxf6+ Qxf6 18. Rg1+ Kh8 19. Bg5 Qe6 20. Qe2 Rae8 21. Rae1 f6 22. Bh6 Rg8 23. Nh4 Bc8 24. Qf3 Nf7 25. Bd2 Ng5 26. Bxg5 fxg5 27. Ng2 Ref8 28. Qe3 g4 29. hxg4 Qxg4 30. Qxe5+ Rg7 31. Re3 Qg5 32. Qxg5 Rxg5 33. Nh4 Rh5 34. Re4 Bd7 35. Rg3 Re8 36. Rxe8+ Bxe8 37. Rg4 Bd7 38. Rd4 Rd5 39. Nf3 Kg7 40. Kg3 Kg6 41. Rxd5 1-0

[Event "Berlin Lichtenberger op 14th"]
[Site "Berlin"]
[Date "2015.08.15"]
[Round "1"]
[White "Hahlbohm, Matthias"]
[Black "Matitschka, Johannes"]
[Result "1/2-1/2"]
[WhiteElo "2069"]
[BlackElo "1542"]
[PlyCount "34"]
[EventDate "2015.08.15"]
[EventType "swiss"]
[EventRounds "9"]
[EventCountry "GER"]
[SourceTitle "EXT 2016"]
[Source "ChessBase"]
[SourceDate "2015.10.08"]
[SourceVersion "1"]
[SourceVersionDate "2015.10.08"]
[SourceQuality "1"]

1. e4 e5 2. Nf3 Nc6 3. Bc4 d6 4. c3 Bg4 5. 0-0 Nf6 6. Qb3 Qd7 7. Ng5 d5 8. Bxd5 Nxd5 9. Qxd5 Qxd5 10. exd5 Ne7 11. Re1 f6 12. Ne6 Nxd5 13. Nxf8 Kxf8 14. Na3 Kf7 15. d4 exd4 16. cxd4 Rhe8 17. Bd2 Re2 1/2-1/2